Foreign-Born Population: Mexico (Clickable) Quiz Stats

 Plays Quiz not verified by Sporcle

Score 0/20 Timer 04:00
0 Plays Today
% Correct
USA
95.5%
El Salvador
95.5%
Guatemala
94.4%
Colombia
94.1%
Honduras
93.6%
Spain
93%
Argentina
93%
Costa Rica
92.9%
Venezuela
92.2%
Peru
92%
% Correct
Nicaragua
92%
Cuba
90.9%
Chile
90.4%
Brazil
90.2%
Canada
76.7%
United Kingdom
72.8%
France
62.4%
Germany
59.8%
Italy
55.6%
Japan
43.2%

You're not logged in!

Compare scores with friends on all Sporcle quizzes.
OR
Log In

You Might Also Like...

Show Comments

Extras

Top Quizzes Today


Score Distribution

Your Account Isn't Verified!

In order to create a playlist on Sporcle, you need to verify the email address you used during registration. Go to your Sporcle Settings to finish the process.

Report this User

Report this user for behavior that violates our Community Guidelines.

Details: